Tradition & sustainability (Record no. 111508)

MARC details
000 -LEADER
fixed length control field 01414cam a22002295a 4500
001 - CONTROL NUMBER
control field L151640
008 - FIXED-LENGTH DATA ELEMENTS--GENERAL INFORMATION
fixed length control field 101123s2010 xxk o f 001 0 eng d
020 ## - INTERNATIONAL STANDARD BOOK NUMBER
International Standard Book Number 9781906347833
035 ## - SYSTEM CONTROL NUMBER
System control number (Sirsi) u151640
041 0# - LANGUAGE CODE
Language code of text/sound track or separate title eng
110 2# - MAIN ENTRY--CORPORATE NAME
Corporate name or jurisdiction name as entry element Prince's Foundation for the Built Environment
9 (RLIN) 5350
245 00 - TITLE STATEMENT
Title Tradition & sustainability
260 ## - PUBLICATION, DISTRIBUTION, ETC.
Place of publication, distribution, etc. London
Name of publisher, distributor, etc. Compendium
Date of publication, distribution, etc. 2010
300 ## - PHYSICAL DESCRIPTION
Extent 208p.
Other physical details ill.
Dimensions 28cm.
505 2# - FORMATTED CONTENTS NOTE
Formatted contents note Sustainability and tradition, two sides of the coin -- Ten thousand years of building, history is in our future -- Living traditions and the original green -- Tradition and innovation in green architecture and urbanism -- The four greens -- Bodies and Buildings, microcosm in traditional architecture and urbanism -- Sustainable refurbishment, a key component of the built heritage -- Environmental priorities and traditional ways of building -- Cultural sustainability and the renewal of tradition -- Our health in response to the built environment -- The road to the natural house -- Afterword, the green tradition, innovating the future.
520 ## - SUMMARY, ETC.
Summary, etc. Gives an insight into the current thinking on the subject of tradition and sustainabilty, and looks at the lessons which tradition and the vernacular can teach about sustaibaility.
521 ## - TARGET AUDIENCE NOTE
Target audience note Advanced
590 ## - LOCAL NOTE (RLIN)
Local note KA
651 #4 - SUBJECT ADDED ENTRY--GEOGRAPHIC NAME
Geographic name United Kingdom
Chronological subdivision
690 ## - LOCAL SUBJECT ADDED ENTRY--TOPICAL TERM (OCLC, RLIN)
Topical term or geographic name as entry element ENVIRONMENTAL AND LAND CONSULTANCY-SUSTAINABILITY
942 ## - ADDED ENTRY ELEMENTS (KOHA)
Suppress in OPAC 0
Holdings
Withdrawn status Lost status Source of classification or shelving scheme Damaged status Not for loan Home library Current library Shelving location Date acquired Cost, normal purchase price Total Checkouts Full call number Barcode Date last seen Copy number Cost, replacement price Price effective from Koha item type
    Dewey Decimal Classification     London London Books 07/12/2010 65.71   333.72 PRI 30075523 06/08/2019 1 65.71 06/08/2019 Book